00547 2200205 4500001002100000005001500021035002000036007000300056008004100059020001800100082000800118084001400126100002300140245005300163260003900216300001800255650003100273856002100304990001600325INLIS00000000000815020260205094209 a0010-0126000147ta260205 0 ind  a979-3532-00-9 a658 a658 WIN s0 aWing Wahyu Winarno1 aSistem Informasi Manajemen /cWing Wahyu Winarno aYogyakarta :bUPP STIM YKPN,c2006 a16.22 ;c25cm 4aSistem Informasi Manajemen aALUMNI MANAJEMEN a00000013743